Reglamento de las órdenes militares de S. Fernando y S. Hermenegildo. (Record no. 171590)

MARC details
000 -LEADER
campo de control de longitud fija 00493nam a22001575i 4500
001 - NÚMERO DE CONTROL
campo de control 171590
003 - IDENTIFICADOR DE NÚMERO DE CONTROL
campo de control ES-MaACL
005 - FECHA Y HORA DE LA ÚLTIMA TRANSACCIÓN
campo de control 20230906214654.0
008 - DATOS DE LONGITUD FIJA--INFORMACIÓN GENERAL
campo de control de longitud fija 090521s1815 sp |||| | spa d
245 00 - MENCIÓN DEL TÍTULO
Título Reglamento de las órdenes militares de S. Fernando y S. Hermenegildo.
260 ## - PUBLICACIÓN, DISTRIBUCIÓN, ETC.
Lugar de publicación, distribución, etc. Madrid :
Nombre del editor, distribuidor, etc. [s.n.],
Fecha de publicación, distribución, etc. 1815 (
Fabricante Imprenta Real)
300 ## - DESCRIPCIÓN FÍSICA
Extensión 45 p. ;
Dimensiones 19 cm.
610 14 - PUNTO DE ACCESO ADICIONAL DE MATERIA--NOMBRE DE ENTIDAD CORPORATIVA
Nombre de entidad corporativa o nombre de jurisdicción como elemento de entrada Orden de San Fernando.
9 (RLIN) 140269
610 24 - PUNTO DE ACCESO ADICIONAL DE MATERIA--NOMBRE DE ENTIDAD CORPORATIVA
Nombre de entidad corporativa o nombre de jurisdicción como elemento de entrada Orden de San Hermenegildo.
9 (RLIN) 140270
852 ## - LOCALIZACIÓN
Ubicación ES-MaACL
Número de control de estantería T-368-F-9
Holdings
Estatus retirado Estado de pérdida Estado de daño No para préstamo Colección Biblioteca de origen Biblioteca actual Ubicación en estantería Fecha de adquisición Fuente de adquisición Total de préstamos Signatura topográfica completa Código de barras Visto por última vez Precio de reemplazo Tipo de ítem Koha
        Colección de folletos Biblioteca del Ateneo de Madrid Biblioteca del Ateneo de Madrid Depósito folletos 21/05/2009     T-368-F-9 1180072 23/02/2023 23/02/2023 Folleto